000 00440nab a2200145Ia 4500
003 ES-SlBCS
005 20210601125231.0
008 140529s1973 xxu||||| |||| 00| 0 eng d
041 _aeng
100 1 _aPyne Parsons, Kathryn
_9151833
245 0 0 _aThree Concepts of Clusters
_c Kathryn Pyne Parsons
650 0 4 _aPruebas
_9128113
773 0 _tPhilosophy and Phenomenological Research
_gvol. 33, 1973, págs. 514-523
_wRev1411
942 _cAR
999 _c526967
_d526967